Ballon d'or 1991 - Statistiques

Statistiques générales
  • Ce quiz a été pris 47 fois
  • Le résultat moyen est 6 sur 31
Statistiques - réponses
Rang Joueurs Nationalité Points % Correct
1 Jean-Pierre Papin France 141
100%
Lothar Matthäus Allemagne 42
58%
11 Michael Laudrup Danemark 7
45%
Gheorghe Hagi Roumanie 1
42%
Marco van Basten Pays-Bas 2
42%
6 Gary Lineker Angleterre 33
39%
Hristo Stoichkov Bulgarie 3
39%
Ruud Gullit Pays-Bas 1
33%
Darko Pančev Yougoslavie 42
27%
12 Rudi Völler Allemagne 5
27%
10 Chris Waddle Angleterre 11
24%
2 Dejan Savićević Yougoslavie 42
21%
5 Robert Prosinecki Yougoslavie 34
12%
Bruno Martini France 3
9%
21 Laurent Blanc France 1
9%
8 Miodrag Belodedici Roumanie 15
9%
Paul McGrath Irlande 3
9%
Stéphane Chapuisat Suisse 3
9%
7 Gianluca Vialli Italie 18
6%
Guido Buchwald Allemagne 1
6%
9 Mark Hughes Pays de Galles 12
6%
19 Roberto Mancini Italie 2
6%
Stefan Effenberg Allemagne 1
6%
13 Aitor Begiristain Espagne 3
3%
Dean Saunders Pays de Galles 3
3%
Gary Pallister Angleterre 1
3%
Gianluca Pagliuca Italie 1
3%
Thomas Doll Allemagne 1
3%
Alexei Mikhailitchenko Union Soviétique 1
0%
Dimitris Saravakos Grèce 1
0%
Guy Hellers Luxembourg 1
0%
Aucun quiz correspondant
Distribution des résultats
% des personnes avec chaque résultat
Percentile par nombre de réponses
Votre historique - résultats
Vous n’avez pas pris ce quiz